[Event "GER-chT U12"]
[Site "Verden"]
[Date "2004.12.30"]
[Round "7.3"]
[White "Lorre, Christian"]
[Black "Quaschner, Manuel"]
[Result "1-0"]
[WhiteElo "1042"]
[BlackElo "1263"]
[PlyCount "59"]
[EventDate "2004.12.27"]
[EventType "team-swiss"]
[EventRounds "7"]
[EventCountry "GER"]
[SourceTitle "EXT 2006"]
[Source "ChessBase"]
[SourceDate "2005.11.24"]
[SourceVersion "1"]
[SourceVersionDate "2005.11.24"]
[SourceQuality "1"]

1. e4 c5 2. Nc3 Nc6 3. Nf3 g6 4. Bc4 Bg7 5. d3 Nf6 6. Be3 d6 7. h3 0-0 8. Qd2 Bd7 9. Nd5 Nxd5 10. exd5 Ne5 11. Bh6 Nxc4 12. dxc4 Qb6 13. c3 Rfe8 14. Bxg7 Kxg7 15. h4 e6 16. 0-0-0 Re7 17. h5 Rae8 18. hxg6 hxg6 19. Qh6+ Kf6 20. Qf4+ Kg7 21. Rh2 exd5 22. Rdh1 Rg8 23. Ng5 Be8 24. Rh7+ Kf8 25. Rh8 Re2 26. b3 Re1+ 27. Rxe1 Rxh8 28. Ne6+ Ke7 29. Nxc5+ Kd8 30. Qf6+ 1-0

[Event "GER-chT U12"]
[Site "Verden"]
[Date "2004.12.29"]
[Round "5.3"]
[White "Lorre, Christian"]
[Black "Hamm, Lukas"]
[Result "0-1"]
[WhiteElo "1042"]
[BlackElo "864"]
[PlyCount "64"]
[EventDate "2004.12.27"]
[EventType "team-swiss"]
[EventRounds "7"]
[EventCountry "GER"]
[SourceTitle "EXT 2006"]
[Source "ChessBase"]
[SourceDate "2005.11.24"]
[SourceVersion "1"]
[SourceVersionDate "2005.11.24"]
[SourceQuality "1"]

1. e4 e5 2. Nf3 Nc6 3. Bc4 Bc5 4. Nc3 Nf6 5. d3 d6 6. Bg5 h6 7. Be3 Bb6 8. Qe2 Be6 9. Bb3 Qd7 10. h3 0-0 11. 0-0-0 Ba5 12. Nd5 Bxd5 13. exd5 Nb4 14. Kb1 Nbxd5 15. Bxd5 Nxd5 16. d4 exd4 17. Rxd4 Nf6 18. g4 Rfe8 19. c3 Bb6 20. Rd3 Ne4 21. Rg1 f6 22. h4 Qd8 23. Nd2 Nxd2+ 24. Qxd2 Bxe3 25. Rxe3 Re5 26. Rxe5 dxe5 27. Qc2 Qe7 28. Qb3+ Kf8 29. Qxb7 Qd8 30. g5 fxg5 31. hxg5 hxg5 32. Rxg5 Qd1# 0-1

[Event "GER-chT U12"]
[Site "Verden"]
[Date "2004.12.28"]
[Round "4.3"]
[White "Eimer, Matthias"]
[Black "Lorre, Christian"]
[Result "1-0"]
[WhiteElo "1181"]
[BlackElo "1042"]
[PlyCount "81"]
[EventDate "2004.12.27"]
[EventType "team-swiss"]
[EventRounds "7"]
[EventCountry "GER"]
[SourceTitle "EXT 2006"]
[Source "ChessBase"]
[SourceDate "2005.11.24"]
[SourceVersion "1"]
[SourceVersionDate "2005.11.24"]
[SourceQuality "1"]

1. e4 e5 2. Nf3 Nc6 3. Bc4 Bc5 4. c3 Nf6 5. d4 Bd6 6. Bg5 h6 7. Bh4 Be7 8. Nbd2 d6 9. 0-0 Bg4 10. h3 Bxf3 11. Nxf3 Nxe4 12. Bxe7 Qxe7 13. Re1 Ng5 14. Bb5 a6 15. Bxc6+ bxc6 16. dxe5 Nxf3+ 17. Qxf3 0-0 18. Qxc6 dxe5 19. Rad1 Ra7 20. Re2 Re8 21. Rde1 a5 22. Qd5 Qd6 23. Qb5 Raa8 24. Rxe5 Rxe5 25. Qxe5 Qxe5 26. Rxe5 a4 27. Rc5 a3 28. b4 Rc8 29. b5 c6 30. Rxc6 Re8 31. Kf1 Kf8 32. Rc5 Ke7 33. Re5+ Kd7 34. Rxe8 Kxe8 35. Ke2 Kd7 36. Kd3 Kc7 37. Kc4 Kb6 38. Kb4 f5 39. c4 Kb7 40. Ka5 f4 41. c5 1-0